|
|
|
|
| LEADER |
00632nam a22001932a 4500 |
| 001 |
000473032 |
| 003 |
CZ BrMZK |
| 005 |
20000105143423.0 |
| 008 |
000105s1955 xr cze d |
| 040 |
|
|
|a BOA001
|b cze
|
| 100 |
1 |
|
|a Augusta, Josef,
|d 1903-1968
|7 jk01010421
|
| 245 |
1 |
0 |
|a Neandrtálci /
|c J. Augusta, J. Filip
|
| 250 |
|
|
|a 2. vyd.
|
| 260 |
|
|
|a Praha :
|b SPN,
|c 1955
|
| 300 |
|
|
|a 1 nestránkovaný svazek +
|e 8 příl. na vol. listech
|
| 700 |
1 |
|
|a Filip, Jan,
|d 1900-1981
|7 jk01031150
|
| 910 |
|
|
|a BOA001
|b X2-0341.517
|
| 990 |
|
|
|a BK
|
| 996 |
6 |
|
|b 2619752080
|c X2-0341.517
|l MZK
|r Sklad / do 24 hodin
|n 3
|w 000473032
|u 000010
|a 1
|e BOA001
|j MZK50
|s P
|